Marketingové aktivity v podniku služieb a ich dopad na hospodárenie podniku diplomová práca

Saved in:
Bibliographic Details
Main Author: Mačák, Marek
Corporate Author: Podnikovohospodárska fakulta EU so sídlom v Košiciach. Katedra obchodného podnikania
Other Authors: Andrejovský, Pavol, 1975-
Format: Book
Language:Slovak
Published: Košice 2025
Tags: Add Tag
No Tags, Be the first to tag this record!

MARC

LEADER 00000nbm a2200000 4500
001 0309039
005 20251118131639.0
041 0 |a slo 
044 |a SK 
245 1 0 |a Marketingové aktivity v podniku služieb a ich dopad na hospodárenie podniku  |b diplomová práca  |c Marek Mačák ; školiteľ: Pavol Andrejovský 
264 1 |a Košice  |c 2025 
300 |a 61 s. 
100 1 |a Mačák, Marek 
700 1 |a Andrejovský, Pavol, 1975- 
710 2 |a Podnikovohospodárska fakulta EU so sídlom v Košiciach. Katedra obchodného podnikania